| 000 | 00733cam a22002294a 4500 | ||
|---|---|---|---|
| 001 | 13901458 | ||
| 005 | 20250411130650.0 | ||
| 008 | 050316s2006 njua b 001 0 eng | ||
| 020 | _a0131542745 | ||
| 050 | 0 | 0 |
_aHD30.28 _b.B36834 2006 |
| 082 | 0 | 0 |
_a658.4/012 _222 |
| 100 | 1 | _aBarney, Jay B. | |
| 245 | 1 | 0 |
_aStrategic management and competitive advantage : _bconcepts and cases / _cJay B. Barney, William S. Hesterly. |
| 260 |
_aUpper Saddle River, NJ : _bPearson/Prentice Hall, _cc2006. |
||
| 300 |
_axvi, 368 p. : _bcol. ill. ; _c26 cm. |
||
| 650 | 0 | _aStrategic planning. | |
| 650 | 0 | _aBusiness planning. | |
| 650 | 0 | _aIndustrial management. | |
| 650 | 0 | _aCompetition. | |
| 700 | 1 | _aHesterly, William S. | |
| 942 |
_2lcc _cBK _n0 |
||
| 999 |
_c5419 _d5419 |
||